| 000 | 00000nam##2200000za#4500 |
| 001 | 9.648097 |
| 003 | CaOODSP |
| 005 | 20210615112934 |
| 007 | ta |
| 008 | 150407|2001||||xxc||||| f|0| 0 eng|d |
| 020 | |a0-662-30131-5 |
| 040 | |aCaOODSP|beng |
| 043 | |an-cn--- |
| 086 | 1 |aD82-39/2001E |
| 110 | 1 |aCanada.|bEmergency Preparedness Canada. |
| 245 | 10|aBe prepared not scared : |bemergency preparedness starts with you |
| 260 | |aOttawa - Ontario : |bEmergency Preparedness Canada |c2001. |
| 300 | |a20p. : |billus. ; |c23 cm. |
| 563 | |aPamphlet |
| 590 | |a01-20|b2001-05-18 |
| 690 | 07|aEmergency preparedness|2gcpds |
| 775 | 08|tSe préparer, non s'inquiéter : |w(CaOODSP)9.681459 |
| 776 | 0#|tBe prepared not scared |w(CaOODSP)9.686303 |